| 000 | 00413nam a2200133Ia 4500 | ||
|---|---|---|---|
| 008 | 210430s9999 xx 000 0 und d | ||
| 020 | _a0-471-05542-5 | ||
| 082 | _a541.37 B223E | ||
| 100 |
_aBard Allen J ,Faulkner Larry _954806 |
||
| 245 |
_aElectrochemical Methods Fundamentals and Applications / _cBard Allen J ,Faulkner Larry |
||
| 260 |
_aNew York _bJohn Willey _c2007 |
||
| 300 | _a718p. | ||
| 942 |
_cBK _2ddc |
||
| 999 |
_c565560 _d565560 |
||